| 000 | 00000nam##2200000za#4500 |
| 001 | 9.663074 |
| 003 | CaOODSP |
| 005 | 20210615120854 |
| 007 | ta |
| 008 | 150407|2001||||xxc||||| f|0| 0 fre|d |
| 020 | |a0-662-65973-2 |
| 040 | |aCaOODSP|bfre |
| 041 | |aeng |
| 041 | |afre |
| 043 | |an-cn--- |
| 086 | 1 |aCi51-103/2001 |
| 110 | 1 |aCanada. |bCitoyenneté et immigration Canada. |
| 245 | 10|aLes voix de mon pays: guide d'activités sur le thème de l'appartenance |
| 260 | |aOttawa - Ontario : |bCitoyenneté et Immigration Canada |c2001. |
| 300 | |aTexte français, vi, 30p. ; |c22 cm. |
| 500 | |aGuide pour enseignants et responsables de jeunes. |
| 546 | |aBilingue |
| 563 | |aCouverture souple |
| 590 | |a01-39|b2001-09-28 |
| 691 | 07|aImmigration|2gcpds |
| 691 | 07|aCitoyenneté|2gcpds |
| 776 | 0#|tThe voices of our people : |w(CaOODSP)9.695618 |
| 776 | 0#|tLes voix de mon pays : |w(CaOODSP)9.639750 |
| 791 | |tThe voices of our people: an activity guide about belonging |eeng|w(CaOODSP)9.663073 |